1582 1485 1234 1126 1327 1410 1815 1744 1572 1726 1906 1312 1474 1556 1600 1963 1908 1158 1217 1677 1833 1709 1845 1057 1026 1125 1150 1483 1572 1313 1702 1353 1722 1751 1797 1483 1515 1277 1645 1776 1117 1603 1339 1892 1124 1083 1479 1436 1949 1140 1615 1374 1816 1489 1986 1132 1166 1370 1821 1417 1466 1773 1937 1146 1396 1630 1910 1140 1656 1186 1895 1744 1053 1567 1376 1821 1483 1787 1802 1303 1220 1208 1938 1856 1979 1233 1360 1934 1092 1287 1483 1310 1701 1385 1030 1699 1622 1381 1255 BCNSPRNW ULIB Ver.6.0+V

เปลี่ยนเป็นภาษาไทย

Change to English
 แสดงรายละเอียดบรรณานุกรม
  กลับหน้าหลัก

Brief Record : Get Marc (ISO 2709) : E-mail record : QR code < ปิดหน้าต่าง
LEADER : 00000nam 2200000uu 4500
001    13399122680
003     ULIB
008    130827s2553||||th 000 0 tha d
020    ^a9789746726238
060    ^aWE500^bอ372ค
100    ^aอรวรรณ ประศาสตร์วุฒิ
110    ^aมหาวิทยาลัยเชียงใหม่^bคณะเทคนิคการแพทย์^bภาควิชากายภาพบำบัด
245    ^aความล้าของกล้ามเนื้อ^b=Fatigue./^cอรวรรณ ประศาสตร์วุฒิ
260    ^aเชียงใหม่ :^bมหาวิทยาลัยเชียงใหม่,^c2553
300    ^a127 หน้า
650    ^aกล้ามเนื้อ
650    ^aFatigue
650    ^aความล้า^xกล้ามเนื้อ
945    ^p230^l0^i033933
945    ^p230^l0^i033934
999    ^aเกษร โพธิ์สุวรรณ
รายการนี้ยังไม่มีแท็ก
คุณยังไม่ได้ล็อกอิน คุณสามารถมีกิจกรรมร่วมกับเว็บไซต์ได้ แต่ต้องล็อกอินก่อน ::
  ล็อกอิน

รายการสื่อสารสนเทศ

ลำดับที่ ประเภท เลขเรียก/บาร์โค้ด สถานที่ สถานะ
1. วิทยาศาสตร์การแพทย์ และสุขภาพ
หนังสือสำรอง
สถานะ=หนังสือสำรอง
WE500 อ372ค ฉ.1 
  Barcode: 033933
ห้องสมุดวิทยาเขตสวรรค์ประชารักษ์
►ส่วนจัดเก็บหนังสือเก่า สปร
บนชั้น
  ขอยืม
2. วิทยาศาสตร์การแพทย์ และสุขภาพ
วิทยาศาสตร์การแพทย์ และสุขภาพ
WE500 อ372ค ฉ.2 
  Barcode: 033934
ห้องสมุดวิทยาเขตสวรรค์ประชารักษ์
►ส่วนจัดเก็บหนังสือเก่า สปร
บนชั้น
  ขอยืม

รายการใกล้เคียง
    ผู้แต่ง [อรวรรณ ประศาสตร์วุฒิ]

    หัวเรื่อง [กล้ามเนื้อ]
    หัวเรื่อง [Fatigue]

BibComment


ยังไม่เคยถูกคอมเมนท์

คอมเมนท์ทรัพยากรรายการนี้
  คอมเมนท์: ความล้าของกล้ามเ..


 Copyright 2026. Bcnsprnw @Library